[Event "Cht  de  Provence  Individuel"]
[Site "?"]
[Date "2005.??.??"]
[Round "5"]
[White "Maruejols, Claude"]
[Black "Busson, Benoist"]
[Result "1/2-1/2"]
[WhiteElo "2046"]
[BlackElo "2078"]
[Annotator "Maruéjols"]
[PlyCount "42"]
[EventDate "2004.??.??"]
[EventRounds "9"]

1. d4 d5 2. c4 e6 3. cxd5 exd5 4. Nc3 c5 {Défense Tarrasch.} 5. Nf3 Nc6 6. dxc5
(6. g3 {est la méthode la  plus usitée.}) 6... d4 7. Na4 b5 (7... Bxc5 8. Nxc5
Qa5+ {est moins tranchant.}) 8. cxb6 axb6 {
Benoist se souvenait de 9.b3 et moi de rien du tout.} 9. e3 Bb4+ (9... b5 $2
10. Bxb5 Qa5+ 11. Nc3 dxc3 12. Bxc6+ Ke7 13. b4 $18) 10. Bd2 dxe3 (10... Bd7 $1
{Informateur 83.}) 11. Bxb4 Qxd1+ (11... exf2+ $2 12. Kxf2 Qxd1 13. Rxd1 Nxb4
14. Nxb6 Rb8 15. Bb5+ Ke7 16. Nxc8+ Rxc8 17. Rhe1+ Kf8 18. a3 Nc2 19. Re2 Nf6
20. Rc1 {1-0 Toth,C (2355)-Teixeira,R (2353)  Rio de Janeiro Brésil 2000.}) 12.
Rxd1 Nxb4 (12... Rxa4 $142 13. Bc3 Nge7 14. fxe3 $16) 13. Bb5+ Ke7 14. Nxb6 Rb8
15. Nxc8+ Rxc8 16. O-O $18 {
Avance de développement. K plus en sécurité. Avantage matériel.} ({
un peu meilleur est} 16. Rd7+ Kf6 (16... Kf8 17. Ne5 Nh6 18. O-O) 17. O-O)
16... Nf6 17. fxe3 Rc2 $2 (17... Nxa2) 18. Rf2 $6 (18. Nd4 {ma première idée.}
Rxb2 $140 $2 19. Nf5+ Ke6 20. Nxg7+ Ke7 21. Nf5+ Ke6 22. Bc4+ {
pas vu ce coup mortel.} Nfd5 (22... Ke5 23. Nd6) 23. e4) 18... Rhc8 19. a3 Nbd5
20. Rxc2 $2 (20. Nd4 $18 {Chasse la  R de la deuxième rangée.} Rxf2 21. Kxf2
Ng4+ {n'était pas à craindre.} 22. Kf3 Ngxe3 23. Re1 Kd6 24. Rxe3 Nxe3 25. Kxe3
$18) 20... Rxc2 21. Nd4 Rxb2 {J'accepte la proposition de nulle car les pièces
noires sont actives et qu'il ne me reste que 18 min contre 44.} 1/2-1/2

[Event "Cht  de  Provence  Individuel"]
[Site "?"]
[Date "2005.??.??"]
[Round "5"]
[White "Manganese, Laurent"]
[Black "Jean, Olivier"]
[Result "0-1"]
[WhiteElo "1999"]
[BlackElo "2187"]
[PlyCount "92"]
[EventDate "2004.??.??"]
[EventRounds "9"]

1. e4 c5 2. Nc3 e6 3. g3 d5 4. exd5 exd5 5. d4 cxd4 6. Qxd4 Nf6 7. Bg5 Be7 8.
Bb5+ Nc6 9. Bxf6 Bxf6 10. Qc5 Bxc3+ 11. bxc3 Qb6 12. Qxb6 axb6 13. Ne2 O-O 14.
O-O Ra3 15. Rfd1 Be6 16. Bd3 Ne5 17. Rdb1 Nxd3 18. cxd3 Bg4 19. Nf4 Bf3 20.
Rxb6 Rxc3 21. Rxb7 Rfc8 22. Re7 g5 23. Ng2 d4 24. a4 Kf8 25. Re5 f6 26. Re6 Kf7
27. Ree1 Rxd3 28. Reb1 Rdc3 29. Ne1 Be2 30. f4 Re8 31. Kf2 Bg4 32. Rb2 gxf4 33.
gxf4 Rh3 34. Kg2 Rhe3 35. Kf2 d3 36. Rd2 Re2+ 37. Rxe2 Rxe2+ 38. Kg3 Rxe1 39.
Rxe1 d2 40. Ra1 d1=Q 41. Rxd1 Bxd1 42. a5 Ba4 43. a6 Kg6 44. Kg4 Bd7+ 45. Kg3
Kf5 46. h4 h5 0-1

[Event "Cht  de  Provence  Individuel"]
[Site "?"]
[Date "2005.??.??"]
[Round "5"]
[White "Saez, Nicolas"]
[Black "Trouilleux, Kevin"]
[Result "0-1"]
[WhiteElo "2023"]
[BlackElo "2127"]
[PlyCount "100"]
[EventDate "2004.??.??"]
[EventRounds "9"]

1. e4 e5 2. Nf3 d6 3. Nc3 Nf6 4. Be2 Be7 5. O-O O-O 6. d4 Nbd7 7. Bg5 c6 8. Qd2
h6 9. Bxf6 Bxf6 10. Rad1 Re8 11. d5 c5 12. Ne1 Bg5 13. Qd3 Nf8 14. Qf3 Ng6 15.
g3 Rf8 16. h4 Be7 17. Bd3 Bh3 18. Ng2 Qd7 19. Be2 f5 20. Qd3 f4 21. Bh5 Nh8 22.
Kh2 Bg4 23. Bxg4 Qxg4 24. Ne2 f3 25. Ne3 Qh5 26. Ng1 g6 27. Qb5 Bxh4 28. gxh4
Rf4 29. Qd7 Nf7 30. Nh3 Rxh4 31. Rg1 Ng5 32. Rg3 Nxe4 33. Qe6+ Kh8 34. Rxg6
Rxh3+ 35. Qxh3 Qxg6 36. Qxf3 Rg8 37. c3 Ng5 38. Qg4 Qf6 39. Nf5 Rf8 40. Nh4
Qxf2+ 41. Kh1 Qf6 42. Qh5 Kh7 43. Qg4 e4 44. Re1 Qe5 45. c4 Rf2 46. Qd7+ Qg7
47. Qg4 Qxb2 48. Ng2 Qf6 49. Qd7+ Qg7 50. Qg4 Qf7 0-1

[Event "Cht  de  Provence  Individuel"]
[Site "?"]
[Date "2005.??.??"]
[Round "6"]
[White "Burkel, Kevin"]
[Black "Trouilleux, Kevin"]
[Result "1/2-1/2"]
[WhiteElo "2061"]
[BlackElo "2127"]
[PlyCount "56"]
[EventDate "2004.??.??"]
[EventRounds "9"]

1. d4 Nf6 2. Nf3 g6 3. Bg5 Bg7 4. Nbd2 c5 5. c3 cxd4 6. cxd4 d5 7. e3 Qb6 8.
Qb3 Qxb3 9. Nxb3 Ne4 10. Rc1 Nd7 11. Bh4 a6 12. Bd3 e5 13. O-O O-O 14. Rc7 Nd6
15. dxe5 Nxe5 16. Nxe5 Bxe5 17. Bg3 Bxg3 18. hxg3 Rd8 19. Nd4 Ne8 20. Rc5 Nf6
21. Rfc1 Bd7 22. Rc7 Rac8 23. Rxc8 Rxc8 24. Rxc8+ Bxc8 25. f3 Kf8 26. Kf2 Ke7
27. Ke2 Kd6 28. Kd2 Nd7 1/2-1/2

[Event "Cht  de  Provence  Individuel"]
[Site "?"]
[Date "2005.??.??"]
[Round "6"]
[White "Chauvet, Jean-Marc"]
[Black "Saez, Nicolas"]
[Result "1-0"]
[WhiteElo "2050"]
[BlackElo "2023"]
[PlyCount "57"]
[EventDate "2004.??.??"]
[EventRounds "9"]

1. e4 e5 2. Nf3 Nc6 3. Bb5 a6 4. Ba4 Nf6 5. O-O b5 6. Bb3 Be7 7. Re1 O-O 8. a4
b4 9. c3 bxc3 10. bxc3 d6 11. h3 Rb8 12. d4 Bb7 13. Nbd2 Qd7 14. Nc4 exd4 15.
cxd4 Rfe8 16. e5 d5 17. Ne3 Bb4 18. exf6 Bxe1 19. Nxe1 Na5 20. Bc2 g6 21. Nd3
Nc4 22. Nc5 Qc6 23. Qf3 Nxe3 24. Bxe3 a5 25. Bd3 Ba8 26. Bb5 Rxb5 27. axb5 Qxb5
28. Qf4 Qc6 29. Rxa5 1-0

[Event "Cht  de  Provence  Individuel"]
[Site "?"]
[Date "2005.??.??"]
[Round "6"]
[White "Jean, Olivier"]
[Black "Deleau, Denis"]
[Result "0-1"]
[WhiteElo "2187"]
[BlackElo "2091"]
[PlyCount "60"]
[EventDate "2004.??.??"]
[EventRounds "9"]

1. e4 e5 2. Nf3 Nc6 3. Bc4 Nf6 4. d3 d5 5. exd5 Nxd5 6. h3 Bc5 7. O-O O-O 8.
Re1 h6 9. Nc3 Be6 10. Ne4 Bb6 11. a3 f5 12. Nc3 Kh7 13. Bxd5 Bxd5 14. Nxe5 Qh4
15. Be3 Bxe3 16. Rxe3 f4 17. Re1 Bxg2 18. Qg4 Nxe5 19. Rxe5 Qxg4 20. hxg4 Bf3
21. Re7 Rf6 22. Kh2 Rg6 23. Rg1 Rf8 24. Rxc7 Bxg4 25. Rc5 Bf3 26. Rxg6 Kxg6 27.
Ne4 Rf5 28. Rxf5 Kxf5 29. Nd2 Bd1 30. c3 g5 0-1

[Event "Cht  de  Provence  Individuel"]
[Site "?"]
[Date "2005.??.??"]
[Round "6"]
[White "Busson, Benoist"]
[Black "Manganese, Laurent"]
[Result "1-0"]
[WhiteElo "2078"]
[BlackElo "1999"]
[PlyCount "65"]
[EventDate "2004.??.??"]
[EventRounds "9"]

1. e4 c5 2. a3 Nc6 3. b4 Nf6 4. b5 Ne5 5. Bb2 d6 6. Nc3 a6 7. d4 cxd4 8. Qxd4
axb5 9. Bxb5+ Bd7 10. f4 Bxb5 11. fxe5 Bc6 12. exf6 gxf6 13. Nf3 Rg8 14. O-O
Bh6 15. Nh4 e5 16. Qf2 Bf4 17. Nf5 d5 18. exd5 Bd7 19. Nd6+ Kf8 20. Qc5 Qe7 21.
Kh1 b6 22. Qb4 f5 23. Nc4 b5 24. Qxe7+ Kxe7 25. Nb6 Rad8 26. Nxd7 Rxd7 27. g3
Bg5 28. Rxf5 f6 29. Rd1 Rc8 30. Rf2 Rb7 31. Ne4 Ra7 32. d6+ Ke6 33. h4 1-0

[Event "Cht  de  Provence  Individuel"]
[Site "?"]
[Date "2005.??.??"]
[Round "6"]
[White "Metras, Dominique"]
[Black "Maruejols, Claude"]
[Result "1-0"]
[WhiteElo "2045"]
[BlackElo "2046"]
[PlyCount "103"]
[EventDate "2004.??.??"]
[EventRounds "9"]

1. c4 e5 2. g3 Nc6 3. Bg2 g6 4. Nc3 Bg7 5. e4 d6 6. Nge2 f5 7. d3 Nf6 8. O-O
O-O 9. Nd5 Ne7 10. Be3 c6 11. Nxe7+ Qxe7 12. Qd2 Be6 13. Rac1 Qf7 14. b3 Ng4
15. exf5 gxf5 16. f4 Bh6 17. h3 Nxe3 18. Qxe3 Rfe8 19. Qf2 Qc7 20. Rc2 Qa5 21.
d4 e4 22. Qe3 d5 23. c5 Kh8 24. Rb1 Qc7 25. b4 a6 26. a4 Bd7 27. Nc3 Bg7 28.
Bf1 Bf6 29. Rg2 Rg8 30. Be2 Be6 31. Rd1 Qf7 32. g4 fxg4 33. hxg4 h6 34. Rf1 Qg7
35. Rd1 Qe7 36. Qh3 Qh7 37. Kf2 Raf8 38. Ke3 Bg7 39. Qh5 Bf7 40. Qh4 Be8 41.
Rh2 Rf7 42. g5 Bf8 43. Bh5 Re7 44. Bxe8 Rxe8 45. Ne2 Re6 46. Ng3 Be7 47. Qg4
Reg6 48. Rdh1 Bf8 49. Nf5 Qd7 50. Nxh6 Qxg4 51. Nxg4+ Kg7 52. Rh7# 1-0

[Event "Cht  de  Provence  Individuel"]
[Site "?"]
[Date "2005.??.??"]
[Round "7"]
[White "Maruejols, Claude"]
[Black "Burkel, Kevin"]
[Result "1/2-1/2"]
[WhiteElo "2046"]
[BlackElo "2061"]
[PlyCount "123"]
[EventDate "2004.??.??"]
[EventRounds "9"]

1. d4 Nf6 2. c4 c5 3. d5 b5 4. cxb5 a6 5. e3 axb5 6. Bxb5 Ba6 7. Bxa6 Nxa6 8.
Nc3 g6 9. Nge2 d6 10. b3 Bg7 11. Bb2 Qa5 12. f3 Nc7 13. e4 O-O 14. O-O Rfb8 15.
Na4 Qb4 16. Bc3 Qb7 17. Rc1 Nb5 18. Ba1 Bh6 19. Rc2 Na3 20. Rc3 Qb4 21. e5 Ne8
22. f4 Bg7 23. Re3 Qb7 24. Qd3 c4 25. Qe4 cxb3 26. axb3 Qb4 27. Qf3 Nc2 28. Re4
Qxb3 29. Qxb3 Rxb3 30. Bc3 Rbb8 31. Rd1 Ne3 32. Rd3 Rb1+ 33. Kf2 Nd1+ 34. Kg3
Nxc3 35. Naxc3 Rb7 36. h4 Kf8 37. Nd4 Ra3 38. Rde3 f5 39. Ne6+ Kg8 40. Rc4 Ra8
41. Ne2 Rd7 42. Nc3 Bh6 43. Rd3 Ng7 44. Nxg7 Bxg7 45. exd6 Bxc3 46. Rdxc3 Rxd6
47. Rc8+ Rxc8 48. Rxc8+ Kf7 49. Rc5 Ke8 50. Ra5 Rb6 51. h5 Kd7 52. hxg6 Rxg6+
53. Kf3 Kd6 54. Rb5 Rg8 55. Ra5 Rb8 56. Kg3 Rg8+ 57. Kh3 Rg6 58. g3 Rg4 59. Rb5
h5 60. Ra5 Rg8 61. Kh4 Rg4+ 62. Kh3 1/2-1/2

[Event "Cht  de  Provence  Individuel"]
[Site "?"]
[Date "2005.01.??"]
[Round "7"]
[White "Manganese, Laurent"]
[Black "Metras, Dominique"]
[Result "1/2-1/2"]
[WhiteElo "1999"]
[BlackElo "2045"]
[PlyCount "93"]
[EventDate "2004.??.??"]
[EventRounds "9"]

1. e4 c5 2. d4 cxd4 3. c3 dxc3 4. Nxc3 Nc6 5. Nf3 d6 6. Bc4 e6 7. O-O a6 8. Qe2
b5 9. Bb3 Na5 10. Bc2 Bb7 11. Rd1 Be7 12. Bf4 Qc7 13. Rac1 e5 14. Bg3 Nf6 15.
Bb1 Qb6 16. Bh4 O-O 17. Bxf6 Bxf6 18. Nd5 Bxd5 19. Rxd5 Rac8 20. Qd1 Be7 21.
Ne1 Rc6 22. Rd2 Rfc8 23. Rxc6 Rxc6 24. Rc2 Rxc2 25. Nxc2 Qb7 26. Nb4 Nc4 27. b3
Nb6 28. Qc2 g6 29. Qd3 Nc8 30. Kf1 Bd8 31. Ke2 Bb6 32. Nd5 Qa7 33. Qc3 Qb7 34.
Bc2 Kg7 35. a4 Bd4 36. Qb4 Bc5 37. Qa5 bxa4 38. bxa4 Qb2 39. Qc3 Qxc3 40. Nxc3
Ne7 41. Bd3 a5 42. Bb5 f5 43. f3 fxe4 44. fxe4 Bg1 45. h3 g5 46. Bd7 Ng6 47. g3
1/2-1/2

[Event "Cht  de  Provence  Individuel"]
[Site "?"]
[Date "2005.??.??"]
[Round "7"]
[White "Deleau, Denis"]
[Black "Busson, Benoist"]
[Result "1/2-1/2"]
[WhiteElo "2091"]
[BlackElo "2078"]
[PlyCount "43"]
[EventDate "2004.??.??"]
[EventRounds "9"]

1. e4 Nc6 2. Nc3 Nf6 3. Bc4 e6 4. d4 a6 5. e5 d5 6. Bd3 Nd7 7. Nce2 Nb4 8. c3
Nxd3+ 9. Qxd3 c5 10. Nf3 cxd4 11. Nexd4 Qc7 12. Bf4 Be7 13. h4 Nc5 14. Qc2 Bd7
15. O-O Ne4 16. Ng5 Nxg5 17. hxg5 Rc8 18. Qd2 Qc4 19. Rfc1 g6 20. b3 Qc5 21. c4
O-O 22. Be3 1/2-1/2

[Event "Cht  de  Provence  Individuel"]
[Site "?"]
[Date "2005.??.??"]
[Round "7"]
[White "Saez, Nicolas"]
[Black "Jean, Olivier"]
[Result "1-0"]
[WhiteElo "2023"]
[BlackElo "2187"]
[PlyCount "133"]
[EventDate "2004.??.??"]
[EventRounds "9"]

1. e4 c5 2. Nc3 Nc6 3. g3 g6 4. Bg2 Bg7 5. d3 d6 6. Be3 e6 7. Qd2 Qa5 8. Nge2
Nd4 9. Nc1 Ne7 10. O-O Bd7 11. Nb3 Qc7 12. Nd1 O-O 13. Nc1 Rac8 14. c3 Ndc6 15.
Ne2 Qa5 16. d4 cxd4 17. Nxd4 Ne5 18. Nb3 Qc7 19. Bh6 Nc4 20. Qc1 e5 21. Bxg7
Kxg7 22. Ne3 Nb6 23. Qd2 Be6 24. Rad1 Rfd8 25. f4 Nc4 26. Qf2 Qb6 27. Nxc4 Bxc4
28. Qxb6 axb6 29. Rf2 Ra8 30. Nc1 f6 31. Rfd2 Nc8 32. Bh3 Bxa2 33. Bxc8 Rdxc8
34. Rxd6 Bb1 35. Rd7+ Kg8 36. Rxb7 Bxe4 37. Rxb6 exf4 38. gxf4 Ra1 39. Re1 f5
40. Kf2 Rca8 41. Nb3 Rxe1 42. Kxe1 Bd5 43. Nc1 Kg7 44. Rd6 Be4 45. c4 Rb8 46.
Rd2 Rb4 47. b3 Kf6 {(=)} 48. h4 Ke7 49. Rb2 Kd6 50. Kd2 Rb8 51. Kc3 Re8 52.
Rd2+ Kc7 53. b4 Bf3 54. Rd3 Bb7 55. Nb3 Re1 56. Nc5 Bc8 57. Rh3 Rf1 58. Nd3 Rg1
59. Re3 Kd6 60. c5+ Kc6 61. Re8 Kd7 62. Rh8 Ba6 63. Rxh7+ Kc6 64. Rf7 Rg4 65.
Rf6+ Kb7 66. Rb6+ Ka7 67. b5 1-0

[Event "Cht  de  Provence  Individuel"]
[Site "?"]
[Date "2005.??.??"]
[Round "7"]
[White "Trouilleux, Kevin"]
[Black "Chauvet, Jean-Marc"]
[Result "1-0"]
[WhiteElo "2127"]
[BlackElo "2050"]
[PlyCount "55"]
[EventDate "2004.??.??"]
[EventRounds "9"]

1. e4 e6 2. d4 d5 3. Nc3 Nf6 4. Bg5 Bb4 5. e5 h6 6. Bd2 Bxc3 7. bxc3 Ne4 8. Qg4
Kf8 9. Bd3 Nxd2 10. Kxd2 c5 11. Nf3 Nc6 12. Qf4 Ke8 13. h4 Qa5 14. Rh3 cxd4 15.
Nxd4 Nxd4 16. Qxd4 Bd7 17. Rg3 g6 18. h5 g5 19. Rb1 b6 20. f4 gxf4 21. Qxf4 Rc8
22. Rb3 Qc5 23. Rg7 Qf8 24. Rxf7 Qc5 25. Qf6 Rg8 26. Bg6 Rxg6 27. hxg6 d4 28.
Qh8+ 1-0

[Event "Cht  de  Provence  Individuel"]
[Site "?"]
[Date "2005.??.??"]
[Round "8"]
[White "Burkel, Kevin"]
[Black "Chauvet, Jean-Marc"]
[Result "1-0"]
[WhiteElo "2061"]
[BlackElo "2050"]
[PlyCount "75"]
[EventDate "2004.??.??"]
[EventRounds "9"]

1. d4 e6 2. Nf3 Nf6 3. Bg5 Be7 4. Nbd2 b6 5. e4 d6 6. Bd3 Ba6 7. Bxa6 Nxa6 8.
c4 O-O 9. a3 c5 10. O-O Nb8 11. e5 Nfd7 12. Bxe7 Qxe7 13. exd6 Qxd6 14. dxc5
Nxc5 15. b4 Ncd7 16. Ne4 Qf4 17. Qd3 Ne5 18. Nxe5 Qxe5 19. Rfe1 a5 20. b5 Ra7
21. Rac1 Rd7 22. Qe3 Qd4 23. Qf3 Rc8 24. Rcd1 Qb2 25. Rxd7 Nxd7 26. Nd6 Rf8 27.
Qc6 Qc3 28. Rf1 Nc5 29. Qxb6 Qxa3 30. g3 Nd3 31. Nb7 a4 32. Qe3 Qb3 33. Na5 Qc3
34. Rd1 Rd8 35. Nc6 Rd7 36. Ne5 Qxe5 37. Rxd3 Rxd3 38. Qxe5 1-0

[Event "Cht  de  Provence  Individuel"]
[Site "?"]
[Date "2005.??.??"]
[Round "8"]
[White "Jean, Olivier"]
[Black "Trouilleux, Kevin"]
[Result "1-0"]
[WhiteElo "2187"]
[BlackElo "2127"]
[PlyCount "61"]
[EventDate "2004.??.??"]
[EventRounds "9"]

1. d4 Nf6 2. c4 e6 3. Nf3 b6 4. g3 Bb7 5. Bg2 Be7 6. O-O O-O 7. Nc3 d5 8. Ne5
Nbd7 9. cxd5 Nxd5 10. Nxd5 exd5 11. Qa4 Nxe5 12. dxe5 c6 13. Bd2 Qc7 14. f4
Bc5+ 15. Kh1 f6 16. Bc3 fxe5 17. Bxe5 Qf7 18. e4 a5 19. exd5 cxd5 20. Rad1 Rad8
21. Bd4 Rfe8 22. Rfe1 Re7 23. Bxc5 bxc5 24. Qxa5 Rxe1+ 25. Rxe1 Ra8 26. Qxc5
Rxa2 27. Qb4 Ra8 28. h4 Bc6 29. Qd6 Rc8 30. Rc1 Qb7 31. Rxc6 1-0

[Event "Cht  de  Provence  Individuel"]
[Site "?"]
[Date "2005.??.??"]
[Round "8"]
[White "Busson, Benoist"]
[Black "Saez, Nicolas"]
[Result "1-0"]
[WhiteElo "2078"]
[BlackElo "2023"]
[PlyCount "75"]
[EventDate "2004.??.??"]
[EventRounds "9"]

1. e4 e5 2. Nf3 Nc6 3. Nc3 Nf6 4. g3 Be7 5. Bg2 d6 6. h3 h6 7. d3 Be6 8. Be3 d5
9. exd5 Nxd5 10. Bd2 O-O 11. O-O Qd7 12. Kh2 f5 13. Qe2 Bf6 14. Rae1 Rae8 15.
Qd1 g5 16. Ng1 Nxc3 17. Bxc3 {(=)} Bd5 18. Bxd5+ Qxd5 19. a3 Nd4 20. Bxd4 Qxd4
21. c3 Qd5 22. Qh5 Kg7 23. Qf3 e4 24. dxe4 fxe4 25. Rd1 Qe6 26. Qe3 Be5 27. Kg2
Bd6 28. Qxa7 b6 29. Qa4 Qf5 30. Qd4+ Kh7 31. Qd2 Rf7 32. Qe2 Qe5 33. Qc4 Ref8
34. Qd4 Rxf2+ 35. Rxf2 Qxg3+ 36. Kf1 Bc5 37. Qxe4+ Kg7 38. Rd7+ 1-0

[Event "Cht  de  Provence  Individuel"]
[Site "?"]
[Date "2005.01.01"]
[Round "8"]
[White "Metras, Dominique"]
[Black "Deleau, Denis"]
[Result "1/2-1/2"]
[WhiteElo "2045"]
[BlackElo "2091"]
[PlyCount "88"]
[EventDate "2004.??.??"]
[EventRounds "9"]

1. c4 e5 2. g3 d6 3. Bg2 g6 4. Nc3 Bg7 5. e4 Nc6 6. Nge2 Nge7 7. O-O O-O 8. d3
f5 9. Nd5 Be6 10. Be3 Qd7 11. Qd2 Rf7 12. Rac1 Raf8 13. f3 Nc8 14. exf5 gxf5
15. f4 Nd8 16. b3 c6 17. Ndc3 Re7 18. fxe5 Bxe5 19. d4 Bg7 20. Nf4 Bf7 21. Rce1
Rfe8 22. Bh3 Bg6 23. Bf2 Nf7 24. Rxe7 Rxe7 25. Re1 Ng5 26. Bg2 Bh6 27. Rxe7
Nxe7 28. Qe2 Bf7 29. h4 Ne6 30. Nh5 Bxh5 31. Qxh5 Bg7 32. Ne2 d5 33. c5 Qd8 34.
Bh3 Qf8 35. Qf3 Qf6 36. b4 Qg6 37. Qe3 Qh6 38. Qd3 Qf6 {(=)} 39. b5 Bh6 40.
bxc6 bxc6 41. Qb1 a5 42. a4 Kf7 43. g4 Qg6 44. Kf1 fxg4 1/2-1/2

[Event "Cht  de  Provence  Individuel"]
[Site "?"]
[Date "2005.01.01"]
[Round "8"]
[White "Maruejols, Claude"]
[Black "Manganese, Laurent"]
[Result "1-0"]
[WhiteElo "2046"]
[BlackElo "1999"]
[PlyCount "71"]
[EventDate "2004.??.??"]
[EventRounds "9"]

1. d4 d5 2. c4 c6 3. Nc3 Nf6 4. Nf3 a6 5. c5 Bf5 6. Bf4 Nbd7 7. h3 Ne4 8. Qb3
b5 9. e3 e6 10. Be2 Be7 11. O-O O-O 12. Rad1 Kh8 13. Bh2 Rg8 14. Nd2 Ndf6 15.
f3 Nxc3 16. Qxc3 Bg6 17. g4 h6 18. Rfe1 Nh7 19. Bf1 Bh4 20. Re2 f5 21. Bg2 Ng5
22. Be5 Ra7 23. gxf5 Bxf5 24. Kh2 Bg6 25. e4 dxe4 26. fxe4 Bh5 27. Bf3 Nxf3+
28. Nxf3 Rf7 29. Rd3 Qf8 30. Nxh4 Rf2+ 31. Rxf2 Qxf2+ 32. Ng2 Bg6 33. Rf3 Qe2
34. Qe3 Qxb2 35. Qxh6+ Bh7 36. Bxg7+ 1-0

[Event "Cht  de  Provence  Individuel"]
[Site "?"]
[Date "2005.??.??"]
[Round "9"]
[White "Manganese, Laurent"]
[Black "Burkel, Kevin"]
[Result "1-0"]
[WhiteElo "1999"]
[BlackElo "2061"]
[PlyCount "129"]
[EventDate "2004.??.??"]
[EventRounds "9"]

1. e4 e5 2. Nf3 Nc6 3. Bb5 f5 4. Nc3 Nf6 5. exf5 Bb4 6. a3 Bxc3 7. bxc3 d6 8.
Qe2 O-O 9. d4 e4 10. Ng5 d5 11. Ne6 Bxe6 12. fxe6 Qd6 13. Be3 a6 14. Ba4 Qxe6
15. c4 dxc4 16. c3 b5 17. Bc2 Nd5 18. Bd2 Rae8 19. O-O Nf4 20. Bxf4 Rxf4 21.
Rae1 Qd6 22. Qe3 Rh4 23. g3 Rh6 24. Qc1 Rhe6 25. Re3 Na5 26. Qb2 Qd5 27. Rfe1
Nb7 28. R1e2 Nd6 29. Qb1 R8e7 30. Qe1 Kf7 31. Qb1 g5 32. g4 h6 33. h3 Kf6 34.
Qf1 Kg7 35. Qe1 Kf7 36. Qf1 Ke8 37. Qb1 Kd7 38. Qb4 Rf7 39. Qc5 Qc6 40. Qxc6+
Kxc6 41. Bxe4+ Nxe4 42. Rxe4 Rxe4 43. Rxe4 Kd6 44. Kg2 Rf6 45. Kg3 c5 46. dxc5+
Kxc5 47. f4 gxf4+ 48. Rxf4 Rd6 49. Rf5+ Kb6 50. h4 Ka5 51. g5 hxg5 52. hxg5
Rd3+ 53. Kf4 Ka4 54. g6 Rd6 55. g7 Rg6 56. Rg5 Rxg7 57. Rxg7 Kxa3 58. Ke3 Kb3
59. Kd2 a5 60. Ra7 Ka4 61. Kc2 b4 62. cxb4 Kxb4 63. Rb7+ Ka3 64. Kc3 a4 65. Rb4
1-0

[Event "Cht  de  Provence  Individuel"]
[Site "?"]
[Date "2005.??.??"]
[Round "9"]
[White "Deleau, Denis"]
[Black "Maruejols, Claude"]
[Result "1-0"]
[WhiteElo "2091"]
[BlackElo "2046"]
[Annotator "Maruéjols"]
[PlyCount "55"]
[EventDate "2004.??.??"]
[EventRounds "9"]

1. e4 c5 2. Nf3 d6 3. d4 cxd4 4. Nxd4 Nf6 5. Nc3 a6 6. Bc4 e6 7. Bb3 b5 8. Bg5
Be7 9. Qf3 Qb6 10. O-O-O Nbd7 11. Be3 (11. Rhe1 {est le seul coup théorique.})
11... Qc7 (11... Qb7 $142 {qui menace le Pe4.}) 12. Qg3 Nc5 13. Qxg7 ({
Plus calme est:} 13. f3 O-O) 13... Rg8 14. Qh6 Rg6 15. Qh3 b4 16. Na4 Ncxe4 17.
Rhe1 ({J'attendais} 17. f3 {qui semble plus solide.}) 17... Bd7 18. f4 $2 (18.
f3) (18. Ne2) 18... Qa5 $19 19. Nxe6 fxe6 $2 (19... Bxe6 $19 20. Bxe6 (20. Bb6
Qb5) 20... fxe6 21. b3 Qf5) 20. Nb6 $44 Rd8 21. Nxd7 Rxd7 22. Bxe6 Rc7 23. f5
Rg4 (23... Ng5 $5) 24. Qf3 $5 (24. Bd4 $142) 24... h5 $2 {Pour protéger la R
et jouer ...d5 car j'ai cru que le Nf6 était surchargé après 24...d5.} (24...
d5 $1 {/\...Qa2.} 25. Kb1 ({j'ai eu peur de:} 25. Bxd5 Nxd5 26. Qxg4 {mais :}
Ndf6 $19 {menace ...Ng4 et ...Qa2.}) 25... Qa4 {avec une forte attaque.}) 25.
Bd4 $1 Qa4 $2 ({Après:} 25... Rc3 26. Qe2 $1 {
je n'ai pas trouvé de continuation.}) (25... d5 $13 {/\ ...Qa2}) 26. Bb3 Qb5 $4
(26... Qd7 $8) (26... Qc6 27. Bxf6 Bxf6 28. h3) 27. Bxf6 Nxf6 28. Qa8+ 1-0

[Event "Cht  de  Provence  Individuel"]
[Site "?"]
[Date "2005.??.??"]
[Round "9"]
[White "Saez, Nicolas"]
[Black "Metras, Dominique"]
[Result "0-1"]
[WhiteElo "2023"]
[BlackElo "2045"]
[PlyCount "122"]
[EventDate "2004.??.??"]
[EventRounds "9"]

1. e4 c5 2. Nc3 Nc6 3. g3 g6 4. Bg2 Bg7 5. d3 d6 6. Be3 Rb8 7. Qd2 b5 8. Nge2
Nd4 9. Nd1 Bg4 10. Bxd4 cxd4 11. h3 Bd7 12. O-O e6 13. c3 dxc3 14. bxc3 Ne7 15.
Ne3 O-O 16. d4 Qa5 17. Qd3 f5 18. f4 Rbc8 19. Rfc1 Kh8 20. Rc2 Qb6 21. Rb1 Qa6
22. Rcb2 Rc7 23. Nc2 d5 24. Nb4 Qd6 25. e5 Qb6 26. a4 a6 27. Ra2 Ra7 28. a5 Qc7
29. Kf2 Rc8 30. Rc1 Bf8 31. g4 Nc6 32. Nxc6 Qxc6 33. Qd2 Qc7 34. gxf5 gxf5 35.
Rcc2 Qd8 36. Qe3 Qh4+ 37. Kf1 Bh6 38. Rab2 Rac7 39. Qf2 Qxf2+ 40. Kxf2 Bf8 41.
Ke3 b4 42. Kd2 Ba4 43. Rc1 Bb5 44. cxb4 Rxc1 45. Nxc1 Rc4 46. Na2 Rxd4+ 47. Ke3
Rd3+ 48. Kf2 Be7 49. Bf1 Bh4+ 50. Kg1 Rd1 51. Nc3 Rxf1+ 52. Kg2 Bc4 53. Na4 Ra1
54. Nc5 Be7 55. Nxe6 Ra2 56. Rxa2 Bxa2 57. Nd4 Bxb4 58. Nxf5 Bxa5 59. e6 Kg8
60. Nh6+ Kf8 61. f5 d4 0-1

[Event "Cht  de  Provence  Individuel"]
[Site "?"]
[Date "2005.??.??"]
[Round "9"]
[White "Trouilleux, Kevin"]
[Black "Busson, Benoist"]
[Result "1-0"]
[WhiteElo "2127"]
[BlackElo "2078"]
[PlyCount "89"]
[EventDate "2004.??.??"]
[EventRounds "9"]

1. d4 d5 2. Nf3 e6 3. Bf4 Bd6 4. Bxd6 Qxd6 5. e3 Qb4+ 6. Nbd2 Nf6 7. Bd3 Nbd7
8. O-O O-O 9. Rb1 b6 10. Ne5 Qd6 11. f4 Bb7 12. Qe1 Ne4 13. Bxe4 dxe4 14. Qh4
f6 15. Nec4 Qd5 16. Na3 e5 17. fxe5 fxe5 18. c4 Qc6 19. d5 Qc5 20. Qxe4 c6 21.
Nb3 Qd6 22. dxc6 Bxc6 23. Qc2 Qh6 24. Qe2 Nf6 25. Nb5 Be4 26. Rbd1 Rad8 27.
Nxa7 Qg5 28. c5 Nd5 29. Rfe1 Bf3 30. Qc2 Nxe3 31. h4 Nxc2 32. hxg5 Rxd1 33.
Rxd1 Bxd1 34. cxb6 Nb4 35. Nc5 Bc2 36. a4 Nd3 37. Nd7 Rd8 38. b7 Bxa4 39. Nc8
Bxd7 40. b8=Q Kf8 41. Qd6+ Kg8 42. Qxd3 e4 43. Qd5+ Kf8 44. Qd6+ Kg8 45. Nb6
1-0

[Event "Cht  de  Provence  Individuel"]
[Site "?"]
[Date "2005.01.01"]
[Round "9"]
[White "Chauvet, Jean-Marc"]
[Black "Jean, Olivier"]
[Result "1/2-1/2"]
[WhiteElo "2050"]
[BlackElo "2187"]
[PlyCount "82"]
[EventDate "2004.??.??"]
[EventRounds "9"]

1. e4 c5 2. Nf3 e6 3. d4 cxd4 4. Nxd4 a6 5. Nc3 b5 6. Bd3 Qb6 7. Be3 Bc5 8.
Nce2 Nc6 9. c3 b4 10. O-O Nf6 11. Nxc6 Qxc6 12. Bxc5 Qxc5 13. Rc1 Bb7 14. Qa4
a5 15. cxb4 Qxb4 16. Rc4 Qxa4 17. Rxa4 Bc6 18. Rd4 e5 19. Rc4 O-O 20. Ng3 Rfb8
21. Rc2 Rb4 22. f3 Rab8 23. b3 g6 24. Bc4 {(=)} a4 25. Rd1 Kg7 26. Nf1 Bb5 27.
Bxb5 axb3 28. axb3 R8xb5 29. Nd2 d5 30. exd5 Nxd5 31. Re1 Nf4 32. Re3 Rd4 33.
Nc4 Rd1+ 34. Kf2 f6 35. Rd2 {(=)} Rxd2+ 36. Nxd2 Ne6 37. Rc3 Nd4 38. Rc7+ Kh6
39. Ne4 Rb6 40. Rf7 f5 41. Nf6 g5 1/2-1/2